| 000 | 00704nam a2200217Ia 4500 | ||
|---|---|---|---|
| 003 | GCL | ||
| 008 | 140319s9999 xx 000 0 ara d | ||
| 040 |
_aGCL / _cGCL |
||
| 082 | 0 | 4 |
_a745.6191 _bم م |
| 100 | 1 | _aمحيى الدين نجيب بادنجكى | |
| 245 | 1 | 0 |
_aمعالم الخط العربى / _cمحيى الدين نجيب بادنجكى |
| 250 | _aالثانية | ||
| 260 |
_aسوريا : _bدار القلم العربى ، _c2000 |
||
| 300 |
_a186 ص ؛ _c32 سم |
||
| 650 | 0 | 4 | _aالخط العربى |
| 650 | 0 | 4 | _aالكتابة العربية |
| 650 | 0 | 4 | _aالنقوش العربية |
| 650 | 0 | 4 | _aالخط الكوفى |
| 650 | 0 | 4 | _aخط الرقعة |
| 942 |
_2ddc _cBK |
||
| 999 |
_c10112 _d10112 |
||